[Event "39. Rilton Cup 2009/2010"]
[Site "Stockholm SWE"]
[Date "2010.01.05"]
[Round "9.4"]
[White "Grandelius, Nils"]
[Black "Gleizerov, Evgeny"]
[Result "1/2-1/2"]
[WhiteElo "2540"]
[BlackElo "2566"]
[PlyCount "26"]
[EventDate "2009.12.27"]
[EventType "swiss"]
[EventRounds "9"]
[EventCountry "SWE"]
[Source "lmi"]
[SourceDate "2009.12.27"]

1. Nf3 e6 2. c4 f5 3. g3 Nf6 4. Bg2 Be7 5. O-O O-O 6. Nc3 c6 7. d3 d6 8. e4
fxe4 9. dxe4 e5 10. c5 Na6 11. cxd6 Bxd6 12. Nh4 Be6 13. Qe2 Bc5 1/2-1/2

[Event "39. Rilton Cup 2009/2010"]
[Site "Stockholm SWE"]
[Date "2010.01.05"]
[Round "9.5"]
[White "Ionov, Sergey"]
[Black "Handke, Florian"]
[Result "1/2-1/2"]
[WhiteElo "2545"]
[BlackElo "2513"]
[PlyCount "51"]
[EventDate "2009.12.27"]
[EventType "swiss"]
[EventRounds "9"]
[EventCountry "SWE"]
[Source "lmi"]
[SourceDate "2009.12.27"]

1. c4 Nf6 2. Nc3 e5 3. Nf3 Nc6 4. g3 d5 5. cxd5 Nxd5 6. Bg2 Nb6 7. O-O Be7 8.
a3 O-O 9. b4 Be6 10. Rb1 f6 11. d3 Nd4 12. Nd2 Nd5 13. Bb2 Nxc3 14. Bxc3 c6 15.
a4 Qd7 16. Bxd4 exd4 17. b5 c5 18. b6 Bd8 19. bxa7 Rxa7 20. Rb5 b6 21. Nc4 Bxc4
22. dxc4 f5 23. Qc2 Kh8 24. Ra1 Qd6 25. Qd3 Qe5 26. Ra2 1/2-1/2

[Event "39. Rilton Cup 2009/2010"]
[Site "Stockholm SWE"]
[Date "2010.01.05"]
[Round "9.6"]
[White "Shimanov, Aleksandr"]
[Black "Brynell, Stellan"]
[Result "1-0"]
[WhiteElo "2535"]
[BlackElo "2472"]
[PlyCount "77"]
[EventDate "2009.12.27"]
[EventType "swiss"]
[EventRounds "9"]
[EventCountry "SWE"]
[Source "lmi"]
[SourceDate "2009.12.27"]

1. Nf3 Nf6 2. d4 e6 3. c4 b6 4. g3 Ba6 5. Qc2 Bb4+ 6. Bd2 Be7 7. Bg2 c6 8. c5
O-O 9. Na3 d5 10. cxd6 Bxd6 11. Nc4 Be7 12. O-O Nbd7 13. Nfe5 Nxe5 14. Nxe5
Bxe2 15. Rfe1 Bb5 16. a4 Ba6 17. Nxc6 Qd7 18. Nxe7+ Qxe7 19. Bxa8 Rxa8 20. Bg5
h6 21. Bxf6 Qxf6 22. Rad1 Bb7 23. Re3 Rc8 24. Qe2 Qf5 25. Qd3 Qd5 26. f3 g6 27.
Qd2 h5 28. Kf2 Rc4 29. Rc3 Rxa4 30. Qf4 Bc6 31. Rd2 Ra1 32. Rdc2 Be8 33. Rc8
Qb5 34. Re2 Rh1 35. g4 hxg4 36. fxg4 Kg7 37. g5 Qd7 38. Qe5+ Kh7 39. Re3 1-0

[Event "39. Rilton Cup 2009/2010"]
[Site "Stockholm SWE"]
[Date "2010.01.05"]
[Round "9.8"]
[White "Gorovykh, Eduard"]
[Black "Miezis, Normunds"]
[Result "1-0"]
[WhiteElo "2410"]
[BlackElo "2530"]
[PlyCount "91"]
[EventDate "2009.12.27"]
[EventType "swiss"]
[EventRounds "9"]
[EventCountry "SWE"]
[Source "lmi"]
[SourceDate "2009.12.27"]

1. e4 c5 2. Nf3 e6 3. d4 cxd4 4. Nxd4 a6 5. Nc3 Qc7 6. Qf3 Nf6 7. Bg5 Qe5 8.
Be3 d5 9. exd5 exd5 10. h3 Bb4 11. O-O-O Bxc3 12. bxc3 O-O 13. Bd3 Re8 14. Rhe1
Ne4 15. Bf4 Qe7 16. Kb2 Bd7 17. Qh5 Be6 18. Nxe6 fxe6 19. Bxe4 dxe4 20. Rxe4
Nc6 21. Qg5 Qf7 22. Rd3 Rac8 23. Be5 b5 24. Rf4 Qb7 25. Rg3 Nxe5 26. Qxe5 Rc4
27. Rfg4 Rxg4 28. Rxg4 h6 29. Qh5 Qf7 30. Qxh6 a5 31. Qg6 Qe7 32. Rh4 Qxh4 33.
Qxe8+ Kh7 34. Qxe6 Qxf2 35. g4 g6 36. Qd7+ Kh6 37. Qxb5 Qf3 38. Qe5 Qb7+ 39.
Ka3 Qb1 40. g5+ Kh7 41. Qxa5 Qxc2 42. h4 Qc1+ 43. Kb4 Qf4+ 44. Kb3 Qxh4 45.
Qc7+ Kg8 46. Qc4+ 1-0

[Event "39. Rilton Cup 2009/2010"]
[Site "Stockholm SWE"]
[Date "2010.01.05"]
[Round "9.9"]
[White "Semcesen, Daniel"]
[Black "Lauber, Arnd"]
[Result "1/2-1/2"]
[WhiteElo "2460"]
[BlackElo "2503"]
[PlyCount "31"]
[EventDate "2009.12.27"]
[EventType "swiss"]
[EventRounds "9"]
[EventCountry "SWE"]
[Source "lmi"]
[SourceDate "2009.12.27"]

1. c4 e6 2. Nc3 d5 3. d4 Nf6 4. Bg5 Be7 5. Nf3 c6 6. e3 O-O 7. Rc1 Nbd7 8. Bd3
dxc4 9. Bxc4 Nd5 10. Bxe7 Qxe7 11. O-O N5b6 12. Bb3 e5 13. Qd3 exd4 14. exd4
Nf6 15. Rfe1 Qd6 16. Ne5 1/2-1/2

[Event "39. Rilton Cup 2009/2010"]
[Site "Stockholm SWE"]
[Date "2010.01.05"]
[Round "9.10"]
[White "Hammer, Jon Ludvig"]
[Black "Cramling, Dan"]
[Result "1-0"]
[WhiteElo "2588"]
[BlackElo "2408"]
[PlyCount "66"]
[EventDate "2009.12.27"]
[EventType "swiss"]
[EventRounds "9"]
[EventCountry "SWE"]
[Source "lmi"]
[SourceDate "2009.12.27"]

1. e4 c5 2. Nf3 e6 3. d4 cxd4 4. Nxd4 a6 5. Bd3 Bc5 6. c3 Ne7 7. O-O Nbc6 8.
Be3 d6 9. Nd2 O-O 10. Qe2 Ba7 11. Rad1 e5 12. Nxc6 bxc6 13. Nc4 Qc7 14. Bxa7
Rxa7 15. Bc2 Rd8 16. Qd3 Bg4 17. Rd2 Ng6 18. Qe3 Raa8 19. b4 Be6 20. Bb3 Bxc4
21. Bxc4 a5 22. g3 Ne7 23. f4 d5 24. Bb3 exf4 25. Rxf4 Qe5 26. Qf3 a4 27. Bc2
d4 28. Qd1 c5 29. Bxa4 Ng6 30. Rff2 Qxe4 31. Bb3 Ne5 32. Rde2 Qe3 33. Qf1 Qxc3
1-0

[Event "39. Rilton Cup 2009/2010"]
[Site "Stockholm SWE"]
[Date "2010.01.05"]
[Round "9.11"]
[White "Cramling, Pia"]
[Black "Gavrilov, Alexei"]
[Result "0-1"]
[WhiteElo "2525"]
[BlackElo "2481"]
[PlyCount "132"]
[EventDate "2009.12.27"]
[EventType "swiss"]
[EventRounds "9"]
[EventCountry "SWE"]
[Source "lmi"]
[SourceDate "2009.12.27"]

1. d4 d5 2. Nf3 Nf6 3. c4 c6 4. Nc3 a6 5. h3 e6 6. c5 b6 7. cxb6 Qxb6 8. Na4
Qa7 9. e3 Nbd7 10. Bd3 c5 11. b3 cxd4 12. exd4 a5 13. O-O Ba6 14. Bb2 Be7 15.
Rc1 O-O 16. Qe2 Bxd3 17. Qxd3 Rfc8 18. Rc2 Rxc2 19. Qxc2 Nb6 20. Nxb6 Qxb6 21.
Rc1 Ne4 22. Ne5 Bh4 23. Qc8+ Qd8 24. Qxd8+ Bxd8 25. f3 Ng3 26. Kh2 Bh4 27. Rc7
f6 28. Nc6 Ne2 29. Ra7 Bg3+ 30. Kh1 Rxa7 31. Nxa7 Kf7 32. Nc6 Bc7 33. g4 Ke8
34. b4 axb4 35. Nxb4 Nf4 36. Bc1 Nxh3 37. Nd3 g5 38. Nc5 Ke7 39. a4 Nf4 40. Ba3
Kd8 41. a5 Kc8 42. Bb4 e5 43. Bd2 Bb8 44. dxe5 fxe5 45. Bxf4 gxf4 46. Kg2 Bd6
47. Na4 Kb7 48. Kf1 Bb4 49. Ke2 Bxa5 50. Nc5+ Kc6 51. Ne6 h6 52. Kd3 Kd7 53.
Nc5+ Ke7 54. Nb3 Bb6 55. Nc1 Kf6 56. Na2 Ba5 57. Nc1 Kg5 58. Ke2 Kh4 59. Nd3
Bc3 60. Kf2 Kh3 61. Nc1 Bd4+ 62. Ke2 e4 63. Nb3 Be3 64. Kf1 exf3 65. Na5 Kxg4
66. Nc6 h5 0-1

[Event "39. Rilton Cup 2009/2010"]
[Site "Stockholm SWE"]
[Date "2010.01.05"]
[Round "9.12"]
[White "Karlsson, Lars"]
[Black "Kauppila, Osmo"]
[Result "0-1"]
[WhiteElo "2491"]
[BlackElo "2279"]
[PlyCount "48"]
[EventDate "2009.12.27"]
[EventType "swiss"]
[EventRounds "9"]
[EventCountry "SWE"]
[Source "lmi"]
[SourceDate "2009.12.27"]

1. f4 Nf6 2. Nf3 g6 3. g3 Bg7 4. Bg2 O-O 5. d3 d6 6. e4 c5 7. Qe2 Nc6 8. c3 b5
9. O-O b4 10. e5 Nd5 11. c4 Nc7 12. Nbd2 Bb7 13. Ne4 Ne6 14. Be3 dxe5 15. Nxc5
Nxc5 16. Bxc5 exf4 17. gxf4 Qc7 18. Rad1 Nd4 19. Qxe7 Nxf3+ 20. Kh1 Qxe7 21.
Bxe7 Rfe8 22. Bc5 Rac8 23. Bxb4 Re3 24. a3 Bc6 0-1

[Event "39. Rilton Cup 2009/2010"]
[Site "Stockholm SWE"]
[Date "2010.01.05"]
[Round "9.13"]
[White "Niemi, Mikko"]
[Black "Richter, Michael"]
[Result "0-1"]
[WhiteElo "2219"]
[BlackElo "2412"]
[PlyCount "56"]
[EventDate "2009.12.27"]
[EventType "swiss"]
[EventRounds "9"]
[EventCountry "SWE"]
[Source "lmi"]
[SourceDate "2009.12.27"]

1. c4 e5 2. g3 Nf6 3. Bg2 c6 4. d4 e4 5. Nc3 d5 6. cxd5 cxd5 7. Bg5 Bb4 8. Rc1
O-O 9. e3 Nbd7 10. Nge2 h6 11. Bxf6 Nxf6 12. O-O Bg4 13. h3 Bxc3 14. Rxc3 Bf3
15. Bxf3 exf3 16. Nf4 g5 17. Nd3 Ne4 18. Rc2 Rc8 19. Rxc8 Qxc8 20. Re1 Qxh3 21.
Qxf3 Rc8 22. Rc1 Rxc1+ 23. Nxc1 g4 24. Qg2 Qh5 25. Nd3 Qf5 26. Nf4 Nd2 27. Qxd5
Qb1+ 28. Kg2 Qf1+ 0-1

[Event "39. Rilton Cup 2009/2010"]
[Site "Stockholm SWE"]
[Date "2010.01.05"]
[Round "9.15"]
[White "Ulibin, Mikhail"]
[Black "Jacobsen, Bo"]
[Result "1-0"]
[WhiteElo "2548"]
[BlackElo "2306"]
[PlyCount "100"]
[EventDate "2009.12.27"]
[EventType "swiss"]
[EventRounds "9"]
[EventCountry "SWE"]
[Source "lmi"]
[SourceDate "2009.12.27"]

1. e4 e5 2. Nf3 Nc6 3. Bb5 Nf6 4. O-O d6 5. d4 Bd7 6. Nc3 Be7 7. Bxc6 Bxc6 8.
Qd3 exd4 9. Nxd4 Bd7 10. b3 O-O 11. Bb2 Re8 12. f4 c5 13. Nf3 b5 14. Kh1 Bc6
15. e5 Nh5 16. Rad1 Nxf4 17. Qf5 Ng6 18. Nd5 dxe5 19. Nxe5 Nxe5 20. Qxe5 Bf8
21. Qf5 Bxd5 22. Rxd5 Qe7 23. Rd7 Qe6 24. Rxf7 Qxf5 25. R7xf5 Re2 26. R5f2 Rae8
27. g3 c4 28. bxc4 Bc5 29. Rf7 Bf8 30. cxb5 Rxc2 31. R7f2 Rc4 32. Rf7 Ra4 33.
a3 h6 34. R1f2 Ra5 35. Rb7 Re7 36. Rb8 Rf7 37. Rd2 Kh7 38. Rd3 Bc5 39. Rb3 Kg6
40. Rc8 Bb6 41. Rc4 h5 42. Bc3 Rf3 43. Kg2 Re3 44. a4 Kf5 45. Ra3 g5 46. Ra2 g4
47. Bxa5 Bxa5 48. Rc5+ Kg6 49. Rc6+ Kg5 50. Ra6 Bb6 1-0

[Event "39. Rilton Cup 2009/2010"]
[Site "Stockholm SWE"]
[Date "2010.01.05"]
[Round "9.16"]
[White "Bryntze, Stefan"]
[Black "Akesson, Ralf"]
[Result "0-1"]
[WhiteElo "2073"]
[BlackElo "2454"]
[PlyCount "76"]
[EventDate "2009.12.27"]
[EventType "swiss"]
[EventRounds "9"]
[EventCountry "SWE"]
[Source "lmi"]
[SourceDate "2009.12.27"]

1. f4 Nf6 2. Nf3 g6 3. b3 Bg7 4. Bb2 O-O 5. e3 b6 6. Be2 Bb7 7. O-O c5 8. Qe1
Nc6 9. Qh4 e6 10. Bb5 a6 11. Bxc6 Bxc6 12. d3 Nd5 13. Qxd8 Rfxd8 14. Bxg7 Kxg7
15. Kf2 b5 16. Nbd2 d6 17. g4 a5 18. e4 Nxf4 19. Ke3 Ng2+ 20. Kf2 Nf4 21. Ke3
e5 22. c3 b4 23. Nc4 bxc3 24. g5 Ng2+ 25. Kf2 Nf4 26. Ke3 Bb5 27. Rfc1 a4 28.
Nb6 axb3 29. Rxc3 Rxa2 30. Rxa2 bxa2 31. Ra3 Rb8 32. Nd5 Nxd5+ 33. exd5 Bxd3
34. Rxa2 Bc4 35. Rd2 Rb3+ 36. Ke4 Bb5 37. h4 Bd7 38. Nxe5 Rb4+ 0-1

[Event "39. Rilton Cup 2009/2010"]
[Site "Stockholm SWE"]
[Date "2010.01.05"]
[Round "9.18"]
[White "Nithander, Victor"]
[Black "Angskog, Kent"]
[Result "1-0"]
[WhiteElo "2434"]
[BlackElo "2229"]
[PlyCount "67"]
[EventDate "2009.12.27"]
[EventType "swiss"]
[EventRounds "9"]
[EventCountry "SWE"]
[Source "lmi"]
[SourceDate "2009.12.27"]

1. e4 g6 2. d4 Bg7 3. Nc3 d6 4. f4 Nf6 5. Nf3 O-O 6. Bd3 Na6 7. O-O c5 8. d5
Rb8 9. Kh1 Bg4 10. h3 Bxf3 11. Rxf3 Nc7 12. a4 a6 13. a5 Nb5 14. Nxb5 axb5 15.
Bxb5 Nxe4 16. Qe1 f5 17. Bd3 Nf6 18. c4 Rf7 19. Ra2 Ra8 20. Bc2 Qc8 21. Rb3 Ra7
22. Raa3 Ne8 23. Re3 Bf6 24. Re2 Ng7 25. Ba4 h5 26. Be3 Qd8 27. Bb5 Ra8 28. Bf2
Kf8 29. b4 cxb4 30. Qxb4 h4 31. Bb6 Qb8 32. c5 dxc5 33. Bxc5 Qxf4 34. Qxf4 1-0

[Event "39. Rilton Cup 2009/2010"]
[Site "Stockholm SWE"]
[Date "2010.01.05"]
[Round "9.20"]
[White "Gagarin, Vasilij"]
[Black "Satonen, Arto"]
[Result "1-0"]
[WhiteElo "2422"]
[BlackElo "2177"]
[PlyCount "119"]
[EventDate "2009.12.27"]
[EventType "swiss"]
[EventRounds "9"]
[EventCountry "SWE"]
[Source "lmi"]
[SourceDate "2009.12.27"]

1. d4 d5 2. c4 e6 3. Nf3 c5 4. cxd5 exd5 5. g3 Nf6 6. Bg2 Nc6 7. O-O Be7 8. Nc3
O-O 9. dxc5 Bxc5 10. a3 a6 11. b4 Ba7 12. Bb2 Re8 13. Rc1 Bg4 14. h3 Bh5 15. e3
Ne5 16. Na4 Bxf3 17. Bxf3 Nxf3+ 18. Qxf3 Ne4 19. Qg4 g6 20. Nc5 Bxc5 21. bxc5
Rc8 22. Rfd1 h5 23. Qf4 Ng5 24. Kg2 Rc6 25. Qd4 Kf8 26. Qg7+ Ke7 27. h4 Ne4 28.
f3 Nf6 29. e4 Rg8 30. Qh6 g5 31. hxg5 Nxe4 32. Bf6+ Nxf6 33. gxf6+ Rxf6 34.
Qxh5 d4 35. Qh4 d3 36. Qe4+ Re6 37. Qxd3 Qc7 38. g4 Rh8 39. Qd6+ Rxd6 40. cxd6+
Qxd6 41. Rxd6 Kxd6 42. Kg3 b5 43. Kf4 Rb8 44. Kf5 Ke7 45. Rc7+ Kf8 46. Ra7 Rb6
47. f4 Kg7 48. g5 Rc6 49. Kg4 Rb6 50. f5 b4 51. axb4 Rxb4+ 52. Kh5 Rf4 53. f6+
Kg8 54. Ra8+ Kh7 55. Rf8 Rf5 56. Rxf7+ Kg8 57. Ra7 Rc5 58. Kg6 Rc8 59. Rg7+ Kf8
60. Rh7 1-0

[Event "39. Rilton Cup 2009/2010"]
[Site "Stockholm SWE"]
[Date "2010.01.05"]
[Round "9.22"]
[White "De Verdier, Michael"]
[Black "Markevich, Ilya"]
[Result "1/2-1/2"]
[WhiteElo "2270"]
[BlackElo "2162"]
[PlyCount "52"]
[EventDate "2009.12.27"]
[EventType "swiss"]
[EventRounds "9"]
[EventCountry "SWE"]
[Source "lmi"]
[SourceDate "2009.12.27"]

1. d4 d5 2. c4 e6 3. Nf3 c5 4. cxd5 exd5 5. Nc3 Nc6 6. g3 Nf6 7. Bg2 Be7 8. O-O
O-O 9. Bg5 cxd4 10. Nxd4 h6 11. Be3 Re8 12. Rc1 Bf8 13. Nxc6 bxc6 14. Na4 Bd7
15. Bc5 Bxc5 16. Nxc5 Bg4 17. Re1 Qa5 18. h3 Bh5 19. Nd3 Bg6 20. a3 Qb6 21. e3
Rac8 22. b4 a5 23. Nf4 Be4 24. Qa4 axb4 25. axb4 Bxg2 26. Kxg2 Re4 1/2-1/2

[Event "39. Rilton Cup 2009/2010"]
[Site "Stockholm SWE"]
[Date "2010.01.05"]
[Round "9.23"]
[White "Logdahl, Harald"]
[Black "Glimbrant, Torbjorn"]
[Result "1/2-1/2"]
[WhiteElo "2214"]
[BlackElo "2263"]
[PlyCount "111"]
[EventDate "2009.12.27"]
[EventType "swiss"]
[EventRounds "9"]
[EventCountry "SWE"]
[Source "lmi"]
[SourceDate "2009.12.27"]

1. e4 c5 2. c4 Nc6 3. Nc3 g6 4. g3 Bg7 5. Bg2 d6 6. d3 e6 7. Nge2 Nge7 8. O-O
O-O 9. Be3 Nd4 10. Qd2 Nec6 11. Bh6 Rb8 12. Bxg7 Kxg7 13. f4 f5 14. Nxd4 Nxd4
15. Rae1 a6 16. Ne2 Qf6 17. e5 dxe5 18. Nxd4 exd4 19. Re5 b6 20. b4 Bb7 21.
Rfe1 Bxg2 22. Rxe6 Qd8 23. Kxg2 Rb7 24. bxc5 bxc5 25. Qe2 h5 26. Qe5+ Kh6 27.
Qxc5 Rb2+ 28. Kh3 Qa8 29. Qc6 Qxc6 30. Rxc6 Rxa2 31. Ree6 Rg8 32. Red6 a5 33.
Rxd4 a4 34. Rd7 a3 35. Rcc7 Rh8 36. Ra7 h4 37. gxh4 Rd2 38. h5 a2 39. Rg7 Rxd3+
40. Kh4 Rd6 41. c5 Re6 42. Rxg6+ Rxg6 43. hxg6 Kxg6+ 44. Kg3 Rc8 45. Rxa2 Rxc5
46. Kh4 Rc6 47. Rg2+ Kh6 48. Rg5 Rc5 49. Kg3 Rc3+ 50. Kh4 Rc5 51. h3 Ra5 52.
Rg3 Ra4 53. Rf3 Rb4 54. Kg3 Kh5 55. Ra3 Rc4 56. Rf3 1/2-1/2

[Event "39. Rilton Cup 2009/2010"]
[Site "Stockholm SWE"]
[Date "2010.01.05"]
[Round "9.24"]
[White "Jacobsen, Kovachev Daniel"]
[Black "Lokander, Martin"]
[Result "1-0"]
[WhiteElo "2243"]
[BlackElo "1820"]
[PlyCount "43"]
[EventDate "2009.12.27"]
[EventType "swiss"]
[EventRounds "9"]
[EventCountry "SWE"]
[Source "lmi"]
[SourceDate "2009.12.27"]

1. e4 c6 2. c4 d5 3. cxd5 cxd5 4. exd5 Nf6 5. Nc3 Nxd5 6. Nf3 Nc6 7. Bb5 e6 8.
O-O Be7 9. d4 O-O 10. Re1 Bd7 11. Bd3 Nf6 12. a3 Rc8 13. Bc2 Na5 14. Qd3 g6 15.
Ne5 b6 16. Bg5 Bc6 17. b4 Nb7 18. Bb3 Nd6 19. Nxc6 Rxc6 20. d5 exd5 21. Rxe7
Qxe7 22. Nxd5 1-0

[Event "39. Rilton Cup 2009/2010"]
[Site "Stockholm SWE"]
[Date "2010.01.05"]
[Round "9.25"]
[White "Vaarala, Eric"]
[Black "Kopasov, Alexander"]
[Result "1/2-1/2"]
[WhiteElo "2032"]
[BlackElo "2221"]
[PlyCount "56"]
[EventDate "2009.12.27"]
[EventType "swiss"]
[EventRounds "9"]
[EventCountry "SWE"]
[Source "lmi"]
[SourceDate "2009.12.27"]

1. e4 c5 2. Nf3 a6 3. c4 Nc6 4. Nc3 g6 5. d4 cxd4 6. Nxd4 Bg7 7. Be3 d6 8. Be2
Nf6 9. O-O O-O 10. h3 Bd7 11. Rc1 Rc8 12. b3 Qa5 13. Kh1 Nxd4 14. Bxd4 b5 15.
Bxf6 Bxf6 16. Nd5 bxc4 17. Bxc4 Qxa2 18. Nxf6+ exf6 19. Qxd6 Bb5 20. Bxf7+ Kxf7
21. Qd5+ Kg7 22. Rxc8 Rxc8 23. Qb7+ Kh6 24. Qxc8 Bxf1 25. Qc1+ Kg7 26. Qxf1
Qxb3 27. Qxa6 Qb1+ 28. Kh2 Qxe4 1/2-1/2

[Event "39. Rilton Cup 2009/2010"]
[Site "Stockholm SWE"]
[Date "2010.01.05"]
[Round "9.26"]
[White "Lindberg, Bengt"]
[Black "Koskela, Niina"]
[Result "1-0"]
[WhiteElo "2407"]
[BlackElo "2189"]
[PlyCount "83"]
[EventDate "2009.12.27"]
[EventType "swiss"]
[EventRounds "9"]
[EventCountry "SWE"]
[Source "lmi"]
[SourceDate "2009.12.27"]

1. e4 e5 2. Nf3 Nc6 3. Bb5 a6 4. Ba4 Nf6 5. O-O Be7 6. Re1 b5 7. Bb3 d6 8. c3
O-O 9. h3 Nb8 10. d4 Nbd7 11. Nbd2 Bb7 12. Bc2 Re8 13. a4 Bf8 14. Bd3 c6 15. b3
g6 16. Ba3 Qc7 17. Qc2 Nh5 18. Bf1 Nf4 19. Rad1 Rac8 20. g3 Ne6 21. Bb2 bxa4
22. bxa4 exd4 23. cxd4 d5 24. Rc1 Qa5 25. Bc3 Qc7 26. Qa2 Nf6 27. Ba1 Qd8 28.
Rb1 Rb8 29. exd5 Nxd5 30. Ne4 Bb4 31. Red1 a5 32. Ne5 Qe7 33. Bc4 Rbd8 34. Rbc1
f6 35. Nd3 Nec7 36. Nxb4 Qxe4 37. Nxd5 Nxd5 38. Bf1 Kg7 39. Bg2 Qe7 40. Rc5 Ra8
41. Qd2 Qe2 42. Qxe2 1-0

[Event "39. Rilton Cup 2009/2010"]
[Site "Stockholm SWE"]
[Date "2010.01.05"]
[Round "9.27"]
[White "Wiander, Michael"]
[Black "Evertsson, Lennart"]
[Result "1-0"]
[WhiteElo "2195"]
[BlackElo "2159"]
[PlyCount "77"]
[EventDate "2009.12.27"]
[EventType "swiss"]
[EventRounds "9"]
[EventCountry "SWE"]
[Source "lmi"]
[SourceDate "2009.12.27"]

1. e4 c5 2. Nf3 e6 3. d4 cxd4 4. c3 dxc3 5. Nxc3 a6 6. Bc4 Qc7 7. Qe2 Ne7 8.
O-O Ng6 9. e5 Nc6 10. Re1 Be7 11. Bd3 b5 12. Bd2 Bb7 13. Rac1 Rc8 14. Bb1 Qb8
15. a3 b4 16. axb4 Nxb4 17. h4 a5 18. Bg5 Bxf3 19. Qxf3 Bxg5 20. hxg5 Nxe5 21.
Qh3 Nbc6 22. Rcd1 Ne7 23. f4 Nc4 24. f5 Qb6+ 25. Kh1 Nxb2 26. Rd2 Nc4 27. Rdd1
Rd8 28. g6 fxg6 29. fxe6 O-O 30. exd7 Nf5 31. Nd5 Qa6 32. Nc7 Qc6 33. Ne6 Ncd6
34. Nxf8 Rxf8 35. Bxf5 gxf5 36. Qb3+ Kh8 37. Qe6 Qb6 38. Rxd6 Qd8 39. Qe7 1-0

[Event "39. Rilton Cup 2009/2010"]
[Site "Stockholm SWE"]
[Date "2010.01.05"]
[Round "9.28"]
[White "Rosenkilde, Alexander"]
[Black "Gromova, Iulia"]
[Result "0-1"]
[WhiteElo "2201"]
[BlackElo "2222"]
[PlyCount "70"]
[EventDate "2009.12.27"]
[EventType "swiss"]
[EventRounds "9"]
[EventCountry "SWE"]
[Source "lmi"]
[SourceDate "2009.12.27"]

1. d4 Nf6 2. c4 g6 3. Nc3 Bg7 4. e4 d6 5. Nf3 O-O 6. h3 e5 7. d5 Nh5 8. Nh2 Qe8
9. Be2 Nf4 10. g3 Nxe2 11. Qxe2 f5 12. g4 Nd7 13. f3 Nf6 14. Bd2 a6 15. Nf1 Bd7
16. Rg1 Rf7 17. Ne3 fxe4 18. fxe4 b5 19. cxb5 Bxb5 20. Nxb5 Qxb5 21. Nc4 Re8
22. Rg2 Nxe4 23. O-O-O Qxd5 24. Kb1 Ref8 25. Be1 Qa8 26. h4 d5 27. Ne3 c6 28.
h5 Qb7 29. Ka1 Qb5 30. hxg6 hxg6 31. Qc2 Rf3 32. Rd3 Nc5 33. Rc3 e4 34. Rxc5
Rxe3 35. Qc1 Qxc5 0-1

[Event "39. Rilton Cup 2009/2010"]
[Site "Stockholm SWE"]
[Date "2010.01.05"]
[Round "9.31"]
[White "Adahl, Mattias"]
[Black "Janse, Love"]
[Result "0-1"]
[WhiteElo "2133"]
[BlackElo "2141"]
[PlyCount "64"]
[EventDate "2009.12.27"]
[EventType "swiss"]
[EventRounds "9"]
[EventCountry "SWE"]
[Source "lmi"]
[SourceDate "2009.12.27"]

1. e4 e6 2. d4 d5 3. Nc3 Bb4 4. e5 c5 5. a3 Bxc3+ 6. bxc3 Qc7 7. Nf3 b6 8. Bb5+
Bd7 9. a4 Bxb5 10. axb5 a5 11. dxc5 Qxc5 12. O-O Nd7 13. Nd4 Nxe5 14. Qe2 Nc4
15. Qg4 Kf8 16. Bg5 Re8 17. Rfe1 Qd6 18. Nf5 exf5 19. Rxe8+ Kxe8 20. Re1+ Kf8
21. Qxf5 g6 22. Re8+ Kg7 23. Qc8 Ne7 24. Qa8 Qe5 25. h4 Rxe8 26. Qxe8 Nf5 27.
Qd8 h6 28. g4 Qe1+ 29. Kg2 Qe4+ 30. Kh2 hxg5 31. hxg5 Qf4+ 32. Kh3 Qf3+ 0-1